Использование высокоэнергетического тормозного излучения в металлургической промышленности для целей дефектоскопии; Электронные ускорители

Bibliografiske detaljer
Parent link:Электронные ускорители.— 1966.— С. 374-380
Hovedforfatter: Воробьев В. А.
Andre forfattere: Горбунов В. И.
Sprog:russisk
Udgivet: 1966
Fag:
Format: Book Chapter
KOHA link:https://koha.lib.tpu.ru/cgi-bin/koha/opac-detail.pl?biblionumber=592802

MARC

LEADER 00000naa0a2200000 4500
001 592802
005 20250901145220.0
035 |a (RuTPU)RU\TPU\tpu\5377 
090 |a 592802 
100 |a 20011210d1966 k||y0rusy50 ca 
101 0 |a rus 
102 |a RU 
200 1 |a Использование высокоэнергетического тормозного излучения в металлургической промышленности для целей дефектоскопии  |f В. А. Воробьев, В. И. Горбунов 
320 |a Библиогр.: 12 назв. 
463 1 |t Электронные ускорители  |v С. 374-380  |o труды пятой Межвузовской конференции (Томск, 17-21 марта 1964 г.)  |d 1966 
610 1 |a электронные ускорители 
610 1 |a труды учёных ТПУ 
700 1 |a Воробьев  |b В. А. 
701 1 |a Горбунов  |b В. И. 
801 0 |a RU  |b 63413507  |c 20011210  |g PSBO 
801 2 |a RU  |b 63413507  |c 20080506  |g PSBO 
942 |c BK